Normal view
MARC view
Entry Topical Term
001 - CONTROL NUMBER
- control field: 242193
003 - CONTROL NUMBER IDENTIFIER
- control field: OSt
005 - DATE AND TIME OF LATEST TRANSACTION
- control field: 20251014104206.0
008 - FIXED-LENGTH DATA ELEMENTS
- fixed length control field: 251014|| aca||aabn | a|a d
040 ## - CATALOGING SOURCE
- Original cataloging agency: OSt
- Transcribing agency: OSt
150 ## - HEADING--TOPICAL TERM
- Topical term or geographic name entry element: From data to decisiona- getting started with tensortflow
670 ## - SOURCE DATA FOUND
- Source citation: Work cat.: (OSt)196769: Karim, Md Rezaul. 242192, TensorFlow : , 2018.